000 00554cam a2200181 4500500
005 20260405001558.0
041 _afre
042 _adc
100 1 0 _aNassif, Philippe
_eauthor
245 0 0 _aLa journée du parfait utilitariste
260 _c2013.
500 _a44
690 _aDilemme moral
690 _aPeter Singer
690 _aUtilitarisme
786 0 _nPhilosophie magazine | 73 | 10 | 2013-10-01 | p. 18-19 | 1951-1787
856 4 1 _uhttps://shs.cairn.info/magazine-philosophie-magazine-2013-10-page-18?lang=fr&redirect-ssocas=7080
999 _c2048978
_d2048978